000 00791nam a2200205 a 4500
005 20210219150953.0
008 991125c1967 mx 000 0 spa u
035 _aUPN01000024930
049 _aCG
050 4 _aHX15
_bS4.38 v.1
100 1 _aGramsci, Antonio,
_d1891-1937
245 1 3 _aLa formación de los intelectuales /
_cAntonio Gramsci ; tr. Angel González Vega.
260 _aMéxico :
_bGrijalbo,
_c1967.
300 _a159 p.
440 0 _aColección 70 ;
_v2
501 _aCon: Revolución y contrarrevolución / Karl Marx -- La libertad en el arte / Honor Arundel -- Los grupos y el poder político en los Estados Unidos / León Dion -- Revolución en filosofía / Howard Selsam
650 4 _aINTELECTUALES -
_zITALIA
650 4 _aSOCIALISMO -
_vCOLECCIONES
905 _aLibro
999 _c24930
_d24930